| 000 | 00664cam a2200241u 4500 | ||
|---|---|---|---|
| 001 | 9843692 | ||
| 003 | OSt | ||
| 005 | 20180116183024.0 | ||
| 008 | 820428s1962 nyu 000 0 eng | ||
| 010 | _a 62010333 | ||
| 040 |
_aDLC _cCarP _dDLC |
||
| 050 | 0 | 0 |
_aPZ3.W986 _bDc _aPR6073.Y65 |
| 082 | _a813.54 BLA 1962 | ||
| 100 | 1 |
_aGavin Black _d1913- |
|
| 245 | 1 | 0 |
_aDead Man Calling _cGavin Black |
| 260 |
_aNew York, _bRandom House _c[1962] |
||
| 300 |
_a186 p. _c21 cm. |
||
| 440 | _aDead Man Calling | ||
| 600 | _aGavin Black | ||
| 655 | 7 |
_aDetective and mystery stories. _2gsafd |
|
| 906 |
_a0 _bcbc _cpremunv _du _encip _f19 _gy-gencatlg |
||
| 942 |
_2ddc _cBK |
||
| 999 |
_c350722 _d350722 |
||